Central Library OPAC University of Rajshahi

ables of values of the function w(z)=e [superscript - z squared] (1 + 2i/[mathematical symbol pi] [mathematical symbol with superscript z and subscript 0] e [superscript t squared] dt) for complex argument / (Record no. 5666)

MARC details
000 -LEADER
fixed length control field 01432nam a22003372 4500
001 - CONTROL NUMBER
control field 5666
003 - CONTROL NUMBER IDENTIFIER
rucl marc code BD-RjUL
005 - DATE AND TIME OF LATEST TRANSACTION
control field 20211208234115.0
008 - FIXED-LENGTH DATA ELEMENTS--GENERAL INFORMATION
fixed length control field 171026s1961 nyua b 000 0 eng c
035 ## - SYSTEM CONTROL NUMBER
System control number (BD-RjUL)5705
040 ## - CATALOGING SOURCE
Original cataloging agency DLC/ICU
Transcribing agency CGU
Modifying agency UKM
-- EQO
-- BD-RjUL
Language of cataloging eng
041 1# - LANGUAGE CODE
Language code of text/sound track or separate title engrus
082 0# - DEWEY DECIMAL CLASSIFICATION NUMBER
Classification number 515.9
Edition number 23
Author mark and year FAT 1961
100 1# - MAIN ENTRY--PERSONAL NAME
Personal name Faddeeva, V. N.
9 (RLIN) 219318
245 10 - TITLE STATEMENT
Title ables of values of the function w(z)=e [superscript - z squared] (1 + 2i/[mathematical symbol pi] [mathematical symbol with superscript z and subscript 0] e [superscript t squared] dt) for complex argument /
Statement of responsibility, etc. by V.N. Faddeyeva and N.M. Terentʹtev ; Edited by V.A. Fok ; Translated from the Russian by D.G. Fry.
260 ## - PUBLICATION, DISTRIBUTION, ETC. (IMPRINT)
Place of publication, distribution, etc. New York :
Name of publisher, distributor, etc. Pergamon press,
Date of publication, distribution, etc. 1961.
300 ## - PHYSICAL DESCRIPTION
Pagination [6], 280 p. :
Illustrations Ill. ;
Size 27 cm.
490 1# - SERIES STATEMENT
Series statement Mathematical tables ;
Volume/sequential designation v. 11.
500 ## - GENERAL NOTE
General note At head of title: U.S.S.R. Academy of Sciences.
General note Title on spine: Tables of the probability integral for complex argument.
504 ## - BIBLIOGRAPHY, ETC. NOTE
Bibliography, etc Bibliography: p. 30.
650 #0 - SUBJECT ADDED ENTRY--TOPICAL TERM
Topical term or geographic name as entry element Functions.
9 (RLIN) 219319
Topical term or geographic name as entry element Integrals.
9 (RLIN) 219320
700 1# - ADDED ENTRY--PERSONAL NAME
Personal name Terentʹev, N. M. , jt. auth.
Personal name Fok, V. A. , ed.
Personal name Fry, D. G. , tr.
830 #0 - SERIES ADDED ENTRY--UNIFORM TITLE
Uniform title Mathematical tables ;
Volume number/sequential designation v. 11.
942 ## - ADDED ENTRY ELEMENTS (KOHA)
Source of classification or shelving scheme Dewey Decimal Classification
Koha item type Books
Holdings
Lost status Source of classification or shelving scheme Damaged status Not for loan Collection code Permanent Location Current Location Shelving location Date acquired Source of acquisition Cost, normal purchase price Total Checkouts Full call number Date last seen Copy number Koha item type
  Dewey Decimal Classification   Not For Loan Non-fiction Central Library, University of Rajshahi Central Library, University of Rajshahi Reading Room 03/11/1962 Zeitlinger 100.00   515.9 FAT 1961 26/10/2017 C-1 Books